Lyla Mehta, Hans Nicolai Adam and shiplap Srivastava, the politics of climate change and uncertainty in India (Record no. 532528)

000 -LEADER
fixed length control field 00810nam a22001457a 4500
008 - FIXED-LENGTH DATA ELEMENTS--GENERAL INFORMATION
fixed length control field 260213b ||||| |||| 00| 0 eng d
100 ## - MAIN ENTRY--PERSONAL NAME
Personal name Nisha, and Goe, Khusboo
245 ## - TITLE STATEMENT
Title Lyla Mehta, Hans Nicolai Adam and shiplap Srivastava, the politics of climate change and uncertainty in India
260 ## - PUBLICATION, DISTRIBUTION, ETC. (IMPRINT)
Place of publication, distribution, etc Journal of Indian Public Administration
300 ## - PHYSICAL DESCRIPTION
Extent 71(4), Dec, 2025: p.864-867
520 ## - SUMMARY, ETC.
Summary, etc Pathways to Sustainability), 2021, 215 pp., ₹3,466, Routledge. ISBN: 1032190787.- Reproduced


https://journals.sagepub.com/doi/full/10.1177/00195561251394171?_gl=1*1yndvuv*_up*MQ..*_ga*MTg0NzIxMzQ5MC4xNzcwOTYzNTkx*_ga_60R758KFDG*czE3NzA5NjM1OTAkbzEkZzAkdDE3NzA5NjM1OTAkajYwJGwwJGg0MzcxNjk5Mjg.
773 ## - HOST ITEM ENTRY
Main entry heading Journal of Indian Public Administration
906 ## - LOCAL DATA ELEMENT F, LDF (RLIN)
Subject DIP BOOK REVIEW
942 ## - ADDED ENTRY ELEMENTS (KOHA)
Item type Articles
Holdings
Withdrawn status Lost status Source of classification or shelving scheme Damaged status Not for loan Permanent location Current location Date acquired Serial Enumeration / chronology Barcode Date last seen Koha item type
          Indian Institute of Public Administration Indian Institute of Public Administration 2026-02-13 71(4), Dec, 2025: p.864-867 AR138114 2026-02-13 Articles

Powered by Koha